00650nam a2200193Ia 4500008004100000041001200041082001200053100003700065245008200102260004400184300000800228365000800236520001200244546001200256630008200268650001200350655001200362730008200374101110s9999 xx 000 0 und d aENGLISH bSR28699 aSayer Michael and Mansingh Abhai aMeasurement, instrumentation and experiment design in physics and engineering c2005bPrentice Hall of India, New Delhi a360 b195 aPhysics aENGLISH aMeasurement, instrumentation and experiment design in physics and engineering aPhysics aPhysics aMeasurement, instrumentation and experiment design in physics and engineering